[Event "CZE-chT1E 2122"]
[Site "Czech Republic"]
[Date "2021.10.10"]
[Round "2.1"]
[White "Zeman, Matyas"]
[Black "Walek, Milan"]
[Result "1/2-1/2"]
[WhiteElo "2262"]
[BlackElo "2300"]
[PlyCount "89"]
[EventDate "2021.10.09"]
[EventType "team-tourn"]
[EventRounds "11"]
[EventCountry "CZE"]
[SourceTitle "EXT 2023"]
[Source "ChessBase"]
[SourceDate "2022.10.05"]
[SourceVersion "1"]
[SourceVersionDate "2022.10.05"]
[SourceQuality "1"]
[WhiteTeam "Brno Moravska Slavia II"]
[BlackTeam "Trinec"]
[WhiteTeamCountry "CZE"]
[BlackTeamCountry "CZE"]

1. d4 Nf6 2. Nf3 g6 3. Nbd2 d5 4. e3 Bg7 5. b4 a5 6. b5 Ne4 7. c4 0-0 8. Ba3 Bg4 9. Rc1 Nxd2 10. Qxd2 Nd7 11. cxd5 Nf6 12. Ne5 Bc8 13. Bc4 Nxd5 14. 0-0 Nb6 15. Qc3 Nxc4 16. Qxc4 Be6 17. Qxc7 Qxc7 18. Rxc7 Rfc8 19. Rfc1 Rxc7 20. Rxc7 Bxe5 21. dxe5 Rd8 22. h3 Rd7 23. Rxd7 Bxd7 24. Bxe7 Bxb5 25. Bd8 a4 26. Be7 a3 27. Bxa3 Bc4 28. Be7 Bxa2 29. e4 h6 30. g4 Bb1 31. f3 Kh7 32. Kf2 g5 33. Kg3 Bc2 34. h4 Kg6 35. Bf8 b5 36. h5+ Kh7 37. Kf2 Bb3 38. Kf1 Be6 39. Ke2 Bb3 40. Kd2 Bc4 41. Ke3 Bb3 42. Be7 Kg7 43. f4 gxf4+ 44. Kxf4 Be6 45. g5 1/2-1/2

[Event "CZE-chT1E 2122"]
[Site "Czech Republic"]
[Date "2021.10.09"]
[Round "1.2"]
[White "Walek, Milan"]
[Black "Vanek, Ladislav"]
[Result "1-0"]
[WhiteElo "2300"]
[BlackElo "2229"]
[PlyCount "67"]
[EventDate "2021.10.09"]
[EventType "team-tourn"]
[EventRounds "11"]
[EventCountry "CZE"]
[SourceTitle "EXT 2023"]
[Source "ChessBase"]
[SourceDate "2022.10.05"]
[SourceVersion "1"]
[SourceVersionDate "2022.10.05"]
[SourceQuality "1"]
[WhiteTeam "Trinec"]
[BlackTeam "Grygov Proclient"]
[WhiteTeamCountry "CZE"]
[BlackTeamCountry "CZE"]

1. e4 e6 2. d4 d5 3. Nc3 Bb4 4. e5 c5 5. a3 Bxc3+ 6. bxc3 Ne7 7. Nf3 Qc7 8. Be2 Bd7 9. a4 Nbc6 10. 0-0 b6 11. Re1 Na5 12. h4 h6 13. Bd3 0-0-0 14. dxc5 bxc5 15. Ba3 Bxa4 16. Nd4 Be8 17. Ba6+ Kb8 18. Qb1+ Ka8 19. Bxc5 Qxc5 20. Rxa5 Qb6 21. Qa1 Rb8 22. Bf1 Rb7 23. Qa3 Nc6 24. Ra6 Qc7 25. Nb5 Qb8 26. Ra1 Rb6 27. Qc5 Rxa6 28. Rxa6 Qb7 29. Nd6 Qe7 30. Ra1 Nb8 31. Ba6 Nxa6 32. Qc8+ Nb8 33. Rb1 Bb5 34. Qxh8 1-0

[Event "CZE-chT1E 1920"]
[Site "Czech Republic"]
[Date "2020.01.19"]
[Round "6.3"]
[White "Walek, Milan"]
[Black "Vitak, Pavel"]
[Result "1-0"]
[WhiteElo "2297"]
[BlackElo "2225"]
[PlyCount "61"]
[EventDate "2019.10.20"]
[EventType "team-tourn"]
[EventRounds "11"]
[EventCountry "CZE"]
[SourceTitle "CBM 194 Extra"]
[Source "ChessBase"]
[SourceDate "2020.03.31"]
[SourceVersion "1"]
[SourceVersionDate "2020.03.31"]
[SourceQuality "1"]
[WhiteTeam "Trinec"]
[BlackTeam "Vsetin"]
[WhiteTeamCountry "CZE"]
[BlackTeamCountry "CZE"]

1. e4 d6 2. d4 Nf6 3. Nc3 g6 4. h3 Bg7 5. Nf3 c6 6. a4 0-0 7. Be2 Qc7 8. 0-0 e5 9. Be3 Nbd7 10. Qd2 Re8 11. dxe5 dxe5 12. Rfd1 Bf8 13. Bc4 Nc5 14. Ng5 Ne6 15. Qe2 h6 16. Nxe6 Bxe6 17. Rd2 Kg7 18. Bxe6 Rxe6 19. Qc4 Qa5 20. Rad1 a6 21. f3 b5 22. Qb3 Bb4 23. Kh2 bxa4 24. Qc4 Rb8 25. Rd3 Bxc3 26. Rxc3 Rxb2 27. Ra3 Rb4 28. Qc3 Qb5 29. Qd2 h5 30. Bh6+ Kh7 31. Bf8 1-0

[Event "CZE-chT1E 1718"]
[Site "Czech Republic"]
[Date "2017.12.10"]
[Round "4.4"]
[White "Goluch, Piotr"]
[Black "Walek, Milan"]
[Result "1-0"]
[WhiteElo "2248"]
[BlackElo "2291"]
[PlyCount "119"]
[EventDate "2017.10.22"]
[EventType "team-tourn"]
[EventRounds "11"]
[EventCountry "CZE"]
[SourceTitle "EXT 2019"]
[Source "ChessBase"]
[SourceDate "2018.10.10"]
[SourceVersion "1"]
[SourceVersionDate "2018.10.10"]
[SourceQuality "1"]
[WhiteTeam "Rychnov nad Kneznou"]
[BlackTeam "Trinec"]
[WhiteTeamCountry "CZE"]
[BlackTeamCountry "CZE"]

1. Nf3 Nf6 2. c4 g6 3. g3 Bg7 4. Bg2 0-0 5. 0-0 d5 6. cxd5 Nxd5 7. d4 Nb6 8. Nc3 Nc6 9. e3 Bf5 10. Qe2 e5 11. Nh4 exd4 12. Nxf5 gxf5 13. Rd1 Qf6 14. Nb5 Rad8 15. Bxc6 Qxc6 16. Nxd4 Qd5 17. b4 f4 18. Qg4 fxg3 19. hxg3 f5 20. Qf4 Rd6 21. Bb2 Nc4 22. Bc3 Ne5 23. Ne2 Nd3 24. Qg5 Rg6 25. Nf4 Nxf4 26. Qxf4 Qf7 27. Bxg7 Rxg7 28. Rac1 c6 29. Qc4 Rg4 30. Qxf7+ Rxf7 31. a3 h5 32. Rd8+ Kg7 33. Kg2 h4 34. Rcd1 a5 35. bxa5 Ra4 36. gxh4 Rxa5 37. R1d7 b5 38. Rxf7+ Kxf7 39. Rc8 Ra6 40. Kg3 Ke7 41. h5 Kf6 42. Rg8 Kf7 43. Rg6 Rxa3 44. Rxc6 Ra4 45. f3 f4+ 46. exf4 Ra1 47. Kg4 b4 48. Rb6 Rg1+ 49. Kf5 Kg7 50. Rxb4 Rh1 51. Rb7+ Kh6 52. Ke6 Re1+ 53. Kf7 Re3 54. f5 Rxf3 55. f6 Rf5 56. Rb8 Kh7 57. Ke6 Rf1 58. f7 Kg7 59. Rg8+ Kh7 60. f8R 1-0

[Event "CZE-chT1E 1617"]
[Site "Czech Republic"]
[Date "2017.04.09"]
[Round "11.4"]
[White "Sedlacek, Oldrich"]
[Black "Walek, Milan"]
[Result "1-0"]
[WhiteElo "2216"]
[BlackElo "2325"]
[PlyCount "139"]
[EventDate "2016.10.16"]
[EventType "team-tourn"]
[EventRounds "11"]
[EventCountry "CZE"]
[SourceTitle "CBM 177 Extra"]
[Source "ChessBase"]
[SourceDate "2017.04.27"]
[SourceVersion "1"]
[SourceVersionDate "2017.04.27"]
[SourceQuality "1"]
[WhiteTeam "Jihlava Gordic"]
[BlackTeam "Trinec"]
[WhiteTeamCountry "CZE"]
[BlackTeamCountry "CZE"]

1. Nf3 Nf6 2. g3 d5 3. Bg2 c6 4. 0-0 Bg4 5. d4 Nbd7 6. Nbd2 e6 7. Re1 Be7 8. e4 dxe4 9. Nxe4 0-0 10. c3 c5 11. h3 Bh5 12. Nxf6+ Nxf6 13. Qb3 b6 14. Ne5 Rc8 15. Nc6 Qc7 16. Bf4 Bd6 17. Bxd6 Qxd6 18. Nxa7 Rce8 19. Nb5 Qb8 20. dxc5 bxc5 21. c4 e5 22. a4 Re6 23. Qe3 Qc8 24. b3 Rfe8 25. a5 e4 26. a6 Bf3 27. a7 Qb7 28. a8Q Rxa8 29. Rxa8+ Qxa8 30. Nc7 Qa5 31. Nxe6 Bxg2 32. Kxg2 fxe6 33. Rd1 Qb6 34. Ra1 Qb7 35. Kh2 h6 36. Ra5 Nd7 37. Rb5 Qc6 38. Qf4 Kh7 39. Qe3 Kg8 40. Ra5 Qb7 41. Ra1 Kh7 42. Re1 Nf6 43. Re2 Qc6 44. Kg2 Qb7 45. f3 exf3+ 46. Qxf3 Qb6 47. g4 Kg8 48. h4 Qd6 49. g5 hxg5 50. hxg5 Nd7 51. g6 Qe7 52. Rf2 Qg5+ 53. Qg3 Qh5 54. Ra2 Nf8 55. Ra8 Qe2+ 56. Qf2 Qe4+ 57. Qf3 Qxg6+ 58. Kf2 Qc2+ 59. Qe2 Qf5+ 60. Kg3 Qg5+ 61. Kf3 Qf5+ 62. Ke3 Kh7 63. Qd3 Qxd3+ 64. Kxd3 Nd7 65. Re8 Ne5+ 66. Ke4 Nf7 67. Re7 Kg8 68. Rc7 Nd6+ 69. Ke5 Nf5 70. Rxc5 1-0

[Event "CZE-chT1E 1617"]
[Site "Czech Republic"]
[Date "2017.03.26"]
[Round "10.4"]
[White "Bures, Martin R"]
[Black "Walek, Milan"]
[Result "1-0"]
[WhiteElo "2102"]
[BlackElo "2325"]
[PlyCount "87"]
[EventDate "2016.10.16"]
[EventType "team-tourn"]
[EventRounds "11"]
[EventCountry "CZE"]
[SourceTitle "CBM 177 Extra"]
[Source "ChessBase"]
[SourceDate "2017.04.27"]
[SourceVersion "1"]
[SourceVersionDate "2017.04.27"]
[SourceQuality "1"]
[WhiteTeam "Havirov Banik"]
[BlackTeam "Trinec"]
[WhiteTeamCountry "CZE"]
[BlackTeamCountry "CZE"]

1. Nf3 Nf6 2. c4 g6 3. g3 Bg7 4. Bg2 0-0 5. 0-0 d5 6. cxd5 Nxd5 7. d4 Nc6 8. e4 Nb6 9. d5 Na5 10. Qc2 c6 11. Bd2 Nac4 12. Bc3 cxd5 13. Bxg7 Kxg7 14. exd5 Bf5 15. Qc3+ Kg8 16. Nd4 Bxb1 17. Raxb1 Rc8 18. Rfe1 Nxd5 19. Bxd5 Qxd5 20. Rbd1 Qh5 21. Qb3 e5 22. Nf3 b6 23. Rd5 Rfe8 24. Kg2 Qf5 25. Qb5 f6 26. Nd4 a6 27. Qxe8+ Rxe8 28. Nxf5 gxf5 29. b3 Na3 30. Rc1 Kf7 31. Rc6 Nb5 32. Rxb6 Rc8 33. Rxa6 Nd4 34. Rdd6 Kg7 35. Rxf6 e4 36. Rfd6 Nf3 37. Rac6 Ra8 38. Rc7+ Kg8 39. a4 Rb8 40. Rdd7 h5 41. Rg7+ Kh8 42. Rh7+ Kg8 43. Rcg7+ Kf8 44. Rb7 1-0

[Event "CZE-chT1E 1516"]
[Site "Czech Republic"]
[Date "2016.02.28"]
[Round "9.2"]
[White "Walek, Milan"]
[Black "Adamek, Jiri"]
[Result "1-0"]
[WhiteElo "2329"]
[BlackElo "2337"]
[PlyCount "95"]
[EventDate "2015.10.11"]
[EventType "team-tourn"]
[EventRounds "11"]
[EventCountry "CZE"]
[SourceTitle "EXT 2017"]
[Source "ChessBase"]
[SourceDate "2016.10.25"]
[SourceVersion "1"]
[SourceVersionDate "2016.10.25"]
[SourceQuality "1"]
[WhiteTeam "Ostrava"]
[BlackTeam "Opava "]
[WhiteTeamCountry "CZE"]
[BlackTeamCountry "CZE"]

1. e4 c5 2. Nf3 e6 3. Nc3 a6 4. d4 cxd4 5. Nxd4 Qc7 6. Be3 Nf6 7. Qd2 Bb4 8. f3 d5 9. exd5 Nxd5 10. Nde2 Nxe3 11. Qxe3 0-0 12. 0-0-0 Nc6 13. h4 Ne5 14. h5 Nc4 15. Qd3 h6 16. Rh4 b5 17. Nd4 Qe7 18. g3 Ba3 19. Nc6 Bxb2+ 20. Kb1 Qf6 21. Ne4 Na3+ 22. Qxa3 Bxa3 23. Nxf6+ gxf6 24. Rd3 Bb7 25. Na5 Bxf3 26. Rxf3 Bd6 27. Rxf6 Kg7 28. Rf3 f5 29. Rd4 Bc7 30. Nb3 Be5 31. Rd7+ Kf6 32. g4 Kg5 33. gxf5 exf5 34. Be2 Rac8 35. Nc1 Rcd8 36. Rfd3 Rxd7 37. Rxd7 Kh4 38. Nd3 Bc3 39. Rc7 b4 40. Rc4+ Kg3 41. Rf4 a5 42. a4 bxa3 43. Ka2 Bd2 44. Rf3+ Kg2 45. Rf2+ Kg3 46. Rf3+ Kg2 47. Nf4+ Kg1 48. Bf1 1-0

[Event "CZE-chT1E 1516"]
[Site "Czech Republic"]
[Date "2016.02.14"]
[Round "8.2"]
[White "Plat, Vojtech"]
[Black "Walek, Milan"]
[Result "1-0"]
[WhiteElo "2465"]
[BlackElo "2329"]
[PlyCount "137"]
[EventDate "2015.10.11"]
[EventType "team-tourn"]
[EventRounds "11"]
[EventCountry "CZE"]
[SourceTitle "CBM 170 Extra"]
[Source "ChessBase"]
[SourceDate "2016.02.25"]
[SourceVersion "1"]
[SourceVersionDate "2016.02.25"]
[SourceQuality "1"]
[WhiteTeam "Brno Lokomotiva"]
[BlackTeam "Ostrava"]
[WhiteTeamCountry "CZE"]
[BlackTeamCountry "CZE"]

1. e4 c5 2. Nf3 d6 3. d4 cxd4 4. Qxd4 a6 5. c4 Nc6 6. Qd1 Nf6 7. Nc3 e6 8. Be2 Be7 9. 0-0 0-0 10. Bf4 b6 11. Qd2 Qc7 12. Rac1 Ne5 13. b4 Ng6 14. Be3 Bb7 15. Qd4 Rac8 16. Rfd1 Qb8 17. Qxb6 Nxe4 18. Nxe4 Bxe4 19. c5 Rc6 20. Qxb8 Rxb8 21. Nd4 Rc7 22. Nb3 dxc5 23. Nxc5 Rxb4 24. Nxe4 Rxc1 25. Rxc1 Rxe4 26. Bxa6 f5 27. Bd3 Rb4 28. Bc4 Kf7 29. Bb3 Nf4 30. Rc7 Nd5 31. Bxd5 Rb1+ 32. Rc1 Rxc1+ 33. Bxc1 exd5 34. Kf1 Ke6 35. Ke2 Kd7 36. Kd3 Kc6 37. a4 g6 38. Be3 Bd8 39. Bd2 Bf6 40. f3 Kc5 41. h3 h5 42. Ba5 Kc6 43. Bc3 Be7 44. Bd2 Bf6 45. Be1 Kc5 46. Bc3 Be7 47. Be5 Bd8 48. Bg7 g5 49. Be5 Kc6 50. Bb8 Kc5 51. Ba7+ Kc6 52. Bd4 Kd6 53. Bf2 Kc6 54. Be1 Bf6 55. Bb4 Bd8 56. a5 Kb5 57. Bc3 g4 58. Be1 Bf6 59. Bb4 Ka6 60. Bc3 Bd8 61. Bg7 Kb5 62. Kd4 Kc6 63. a6 gxh3 64. gxh3 f4 65. Ke5 Bc7+ 66. Kf5 Kb6 67. Ke6 Kxa6 68. Kxd5 Kb5 69. Be5 1-0

[Event "CZE-chT 1516"]
[Site "Czech Republic"]
[Date "2015.12.05"]
[Round "3.5"]
[White "Bernasek, Jan"]
[Black "Walek, Milan"]
[Result "1-0"]
[WhiteElo "2515"]
[BlackElo "2325"]
[PlyCount "79"]
[EventDate "2015.11.07"]
[EventType "team-tourn"]
[EventRounds "11"]
[EventCountry "CZE"]
[SourceTitle "CBM 169 Extra"]
[Source "ChessBase"]
[SourceDate "2015.12.18"]
[SourceVersion "1"]
[SourceVersionDate "2015.12.18"]
[SourceQuality "1"]
[WhiteTeam "Pardubice"]
[BlackTeam "Trinec"]
[WhiteTeamCountry "CZE"]
[BlackTeamCountry "CZE"]

1. Nf3 Nf6 2. c4 c5 3. Nc3 g6 4. g3 Bg7 5. Bg2 0-0 6. 0-0 d6 7. d4 Nbd7 8. b3 cxd4 9. Nxd4 Nc5 10. Bb2 a5 11. Qd2 Bd7 12. Rfd1 Qb6 13. Rab1 Rfd8 14. Ba1 Ne6 15. Nc2 Rdc8 16. Ne3 Nc7 17. Na4 Qa6 18. c5 Bc6 19. Nb6 dxc5 20. Nxc8 Rxc8 21. Bxc6 Qxc6 22. Qxa5 Ne6 23. Nc4 b5 24. Ne5 Qb7 25. a4 b4 26. Qb5 Qa8 27. Qc4 Ne4 28. Rbc1 N6g5 29. f3 Nd6 30. Qd5 Qa6 31. Nc4 Bxa1 32. Rxa1 h6 33. Rac1 Nf5 34. f4 Ne6 35. e3 h5 36. Rd3 Kg7 37. Rcd1 Kg8 38. Qe4 Rc7 39. Qe5 Qb7 40. Rd8+ 1-0

[Event "CZE-chT1E 1516"]
[Site "Czech Republic"]
[Date "2015.10.25"]
[Round "2.2"]
[White "Walek, Milan"]
[Black "Piesik, Piotr"]
[Result "1/2-1/2"]
[WhiteElo "2329"]
[BlackElo "2292"]
[PlyCount "35"]
[EventDate "2015.10.11"]
[EventType "team-tourn"]
[EventRounds "11"]
[EventCountry "CZE"]
[SourceTitle "CBM 169 Extra"]
[Source "ChessBase"]
[SourceDate "2015.12.18"]
[SourceVersion "1"]
[SourceVersionDate "2015.12.18"]
[SourceQuality "1"]
[WhiteTeam "Ostrava"]
[BlackTeam "Beskydy Chess School II"]
[WhiteTeamCountry "CZE"]
[BlackTeamCountry "CZE"]

1. e4 g6 2. d4 Bg7 3. Nc3 c6 4. Nf3 d6 5. Be3 Bg4 6. Qd2 Nf6 7. Be2 Qc7 8. h3 Bxf3 9. gxf3 d5 10. 0-0-0 e6 11. h4 h5 12. Rhg1 Nbd7 13. Bf4 Qd8 14. Bd6 Nb6 15. Be5 Nbd7 16. Bd6 Nb6 17. Be5 Nbd7 18. Bd6 1/2-1/2

[Event "CZE-chT 1415"]
[Site "Czech Republic"]
[Date "2015.02.07"]
[Round "7.7"]
[White "Walek, Milan"]
[Black "Vesselovsky, Serguei"]
[Result "1/2-1/2"]
[WhiteElo "2329"]
[BlackElo "2355"]
[PlyCount "44"]
[EventDate "2014.11.01"]
[EventType "team-tourn"]
[EventRounds "11"]
[EventCountry "CZE"]
[SourceTitle "EXT 2016"]
[Source "ChessBase"]
[SourceDate "2015.10.08"]
[SourceVersion "1"]
[SourceVersionDate "2015.10.08"]
[SourceQuality "1"]
[WhiteTeam "Trinec"]
[BlackTeam "Frydek Mistek"]
[WhiteTeamCountry "CZE"]
[BlackTeamCountry "CZE"]

1. e4 c5 2. Nf3 g6 3. Nc3 Bg7 4. d4 cxd4 5. Nxd4 Nc6 6. Be3 Nf6 7. Qd2 0-0 8. f3 d5 9. 0-0-0 Nxd4 10. Bxd4 dxe4 11. fxe4 Be6 12. Be2 Qa5 13. a3 Rfc8 14. Kb1 Rab8 15. Nd5 Qxd2 16. Nxf6+ Bxf6 17. Rxd2 Bxd4 18. Rxd4 Kg7 19. Rf1 Rc7 20. c3 Rbc8 21. Kc2 Rd7 22. Rfd1 Rxd4 1/2-1/2

[Event "CZE-chT 1415"]
[Site "Czech Republic"]
[Date "2014.11.01"]
[Round "1.2"]
[White "Kraus, Tomas"]
[Black "Walek, Milan"]
[Result "1-0"]
[WhiteElo "2394"]
[BlackElo "2329"]
[PlyCount "109"]
[EventDate "2014.11.01"]
[EventType "team-tourn"]
[EventRounds "11"]
[EventCountry "CZE"]
[SourceTitle "EXT 2015"]
[Source "ChessBase"]
[SourceDate "2014.11.20"]
[SourceVersion "1"]
[SourceVersionDate "2014.11.20"]
[SourceQuality "1"]
[WhiteTeam "Praha Mahrla"]
[BlackTeam "Trinec"]
[WhiteTeamCountry "CZE"]
[BlackTeamCountry "CZE"]

1. d4 Nf6 2. Nf3 d6 3. c4 Nbd7 4. Nc3 e5 5. Bg5 Be7 6. e3 c6 7. Qc2 Qc7 8. 0-0-0 a6 9. Kb1 0-0 10. Rg1 Re8 11. g4 b5 12. Bxf6 Nxf6 13. g5 Nd7 14. h4 Rb8 15. dxe5 dxe5 16. Bd3 Nf8 17. Ne4 Kh8 18. c5 Be6 19. h5 b4 20. b3 a5 21. h6 a4 22. Qb2 Ng6 23. Nd6 Bxd6 24. cxd6 Qa5 25. d7 Re7 26. Bxg6 fxg6 27. Nxe5 Bxd7 28. Nxd7 Rxd7 29. Rxd7 Qf5+ 30. Kc1 Qxd7 31. Rd1 Qe7 32. Qxg7+ Qxg7 33. hxg7+ Kxg7 34. Rd7+ Kg8 35. Kd2 axb3 36. axb3 Ra8 37. f4 Ra3 38. Kc2 Ra2+ 39. Kd3 c5 40. Ke4 Re2 41. Rc7 Rc2 42. Ke5 Kf8 43. Rxh7 Rc3 44. Kf6 Ke8 45. Re7+ Kd8 46. Re5 Rxb3 47. Rxc5 Rxe3 48. Kxg6 Re6+ 49. Kf7 Re7+ 50. Kf6 Rb7 51. g6 Rb6+ 52. Kf7 Rb7+ 53. Kf8 Kd7 54. g7 Kd6 55. Rc8 1-0

[Event "CZE-chT 1314"]
[Site "Czech Republic"]
[Date "2014.01.19"]
[Round "6.7"]
[White "Walek, Milan"]
[Black "Mirumian, Vigen"]
[Result "0-1"]
[WhiteElo "2353"]
[BlackElo "2498"]
[PlyCount "84"]
[EventDate "2013.11.02"]
[EventType "team-tourn"]
[EventRounds "11"]
[EventCountry "CZE"]
[SourceTitle "EXT 2015"]
[Source "ChessBase"]
[SourceDate "2014.11.20"]
[SourceVersion "1"]
[SourceVersionDate "2014.11.20"]
[SourceQuality "1"]
[WhiteTeam "Trinec"]
[BlackTeam "Lysa nad Labem"]
[WhiteTeamCountry "CZE"]
[BlackTeamCountry "CZE"]

1. e4 c5 2. Nf3 e6 3. Nc3 a6 4. d4 cxd4 5. Nxd4 d6 6. Bc4 Nf6 7. Bb3 b5 8. Qe2 Be7 9. a3 0-0 10. 0-0 Bb7 11. f3 Nbd7 12. Be3 Rc8 13. Rad1 Qc7 14. Qf2 Ne5 15. Qg3 Nc4 16. Bc1 Qb6 17. Kh1 Rfe8 18. Rd3 Bf8 19. Nde2 a5 20. a4 b4 21. Nb5 e5 22. Rfd1 Re6 23. Bxc4 Rxc4 24. Be3 Qa6 25. c3 b3 26. Nc1 Nxe4 27. fxe4 Rg6 28. Qh3 Rxe4 29. Nc7 Qc4 30. Nd5 Reg4 31. g3 Rd4 32. cxd4 Qxd5+ 33. Kg1 Rf6 34. Bf4 exf4 35. g4 h5 36. g5 Rg6 37. Ne2 Rxg5+ 38. Kf2 Rg2+ 39. Kf1 Qe4 40. Nc3 Qg6 41. R1d2 Rg1+ 42. Kf2 Bg2 0-1

[Event "CZE-chT 1314"]
[Site "Czech Republic"]
[Date "2014.01.18"]
[Round "5.7"]
[White "Kovar, Vojtech"]
[Black "Walek, Milan"]
[Result "1-0"]
[WhiteElo "2303"]
[BlackElo "2353"]
[PlyCount "169"]
[EventDate "2013.11.02"]
[EventType "team-tourn"]
[EventRounds "11"]
[EventCountry "CZE"]
[SourceTitle "EXT 2015"]
[Source "ChessBase"]
[SourceDate "2014.11.20"]
[SourceVersion "1"]
[SourceVersionDate "2014.11.20"]
[SourceQuality "1"]
[WhiteTeam "Praha Postovni Sporitelna"]
[BlackTeam "Trinec"]
[WhiteTeamCountry "CZE"]
[BlackTeamCountry "CZE"]

1. d4 Nf6 2. c4 g6 3. Nc3 Bg7 4. Bg5 d6 5. e3 Nbd7 6. Nf3 b6 7. Be2 Bb7 8. Qc2 a6 9. Rd1 0-0 10. 0-0 c6 11. a4 Qc7 12. Rd2 Rac8 13. Rfd1 Qb8 14. Qb3 Qc7 15. h3 Rb8 16. Qa3 c5 17. d5 Rfe8 18. Qb3 h6 19. Bf4 g5 20. Bh2 Nf8 21. Qc2 Bc8 22. Bd3 Bd7 23. Bf5 Qc8 24. Bxd7 Qxd7 25. e4 g4 26. Nh4 gxh3 27. f3 N6h7 28. Nf5 Ng6 29. f4 Kh8 30. gxh3 Rg8 31. Kh1 Bd4 32. Qd3 Bg7 33. Rg2 b5 34. axb5 axb5 35. cxb5 Qb7 36. Rdg1 Bf8 37. Nh4 Nf6 38. Nxg6+ fxg6 39. e5 c4 40. Qf3 Nh7 41. Rxg6 Rxg6 42. Rxg6 Bg7 43. Qg2 Rg8 44. Bg1 dxe5 45. fxe5 Qc8 46. Qg4 Qf8 47. b6 Ng5 48. b7 Qf7 49. Qh5 Qf5 50. Rc6 Kh7 51. Qg4 Qd3 52. Rc8 Bxe5 53. Rxg8 Kxg8 54. h4 Qf3+ 55. Qxf3 Nxf3 56. Ba7 Nxh4 57. b8Q+ Bxb8 58. Bxb8 Nf3 59. Bg3 Kf7 60. Kg2 Nd4 61. Be5 Nc2 62. Kf3 Nb4 63. Ke4 h5 64. Nd1 h4 65. Ne3 h3 66. Nxc4 Kg6 67. Ne3 Kg5 68. Nf1 Kg4 69. Nh2+ Kg5 70. Bc3 Na6 71. Bd4 Kg6 72. Nf3 Nc7 73. Be5 Na6 74. Ng1 Nc5+ 75. Kd4 Na4 76. Nxh3 Nxb2 77. Nf4+ Kf5 78. Bc7 Kf6 79. Nd3 Nd1 80. Bd8 Kf7 81. Ba5 Ke8 82. Be1 Kd7 83. Ne5+ Ke8 84. Bh4 Nb2 85. Nc6 1-0

[Event "CZE-chT 1314"]
[Site "Czech Republic"]
[Date "2013.11.30"]
[Round "3.7"]
[White "Rojicek, Vojtech"]
[Black "Walek, Milan"]
[Result "1-0"]
[WhiteElo "2424"]
[BlackElo "2353"]
[PlyCount "75"]
[EventDate "2013.11.02"]
[EventType "team-tourn"]
[EventRounds "11"]
[EventCountry "CZE"]
[SourceTitle "CBM 157 Extra"]
[Source "ChessBase"]
[SourceDate "2013.12.19"]
[SourceVersion "1"]
[SourceVersionDate "2013.12.19"]
[SourceQuality "1"]
[WhiteTeam "Frydek Mistek"]
[BlackTeam "Trinec"]
[WhiteTeamCountry "CZE"]
[BlackTeamCountry "CZE"]

1. d4 Nf6 2. c4 g6 3. Nc3 d5 4. cxd5 Nxd5 5. e4 Nxc3 6. bxc3 Bg7 7. Be3 c5 8. Rc1 0-0 9. Qd2 Qa5 10. Nf3 Nc6 11. d5 Ne5 12. Nxe5 Bxe5 13. Be2 e6 14. 0-0 Bg7 15. Bg5 Bd7 16. Rfd1 Rae8 17. Bf3 Qc7 18. Be7 Ba4 19. Bxf8 Bxf8 20. Re1 Bd6 21. g3 c4 22. e5 Bxe5 23. dxe6 Rxe6 24. Bd5 Re8 25. Qg5 Kg7 26. Qg4 Bb5 27. Rb1 Ba6 28. Re3 Rd8 29. Qe4 Bf6 30. Bxb7 Bxb7 31. Rxb7 Qc8 32. Rxa7 h5 33. Qb7 Rd1+ 34. Kg2 Qf8 35. Qc6 Rd6 36. Qxc4 h4 37. Rd3 Rb6 38. Rdd7 1-0

[Event "CZE-chT 1213"]
[Site "Czech Republic"]
[Date "2013.03.23"]
[Round "7.8"]
[White "Walek, Milan"]
[Black "Dubansky, Bohuslav"]
[Result "1/2-1/2"]
[WhiteElo "2350"]
[BlackElo "2245"]
[PlyCount "160"]
[EventDate "2012.11.03"]
[EventType "team-tourn"]
[EventRounds "11"]
[EventCountry "CZE"]
[SourceTitle "EXT 2014"]
[Source "ChessBase"]
[SourceDate "2013.11.20"]
[SourceVersion "1"]
[SourceVersionDate "2013.11.20"]
[SourceQuality "1"]
[WhiteTeam "Trinec"]
[BlackTeam "Praha Bohemians"]
[WhiteTeamCountry "CZE"]
[BlackTeamCountry "CZE"]

1. e4 e6 2. d4 d5 3. Nc3 dxe4 4. Nxe4 Nd7 5. Nf3 Ngf6 6. Bd3 Be7 7. Qe2 Nxe4 8. Bxe4 Nf6 9. Bxb7 Bxb7 10. Qb5+ Qd7 11. Qxb7 0-0 12. Qa6 Rab8 13. 0-0 Rb6 14. Qe2 Rd8 15. c3 a5 16. Be3 Rdb8 17. b3 Nd5 18. Bd2 c5 19. c4 Nb4 20. Be3 Qc8 21. Rfd1 a4 22. dxc5 Bxc5 23. Bxc5 Qxc5 24. a3 axb3 25. axb4 Rxb4 26. Ne5 Rc8 27. Qd2 Qf8 28. Rab1 f6 29. Nd3 Rbxc4 30. Rxb3 Rc2 31. Qe3 Qf7 32. Ne1 R2c7 33. Rbd3 Qe7 34. f4 h6 35. h3 Kf7 36. Nf3 g5 37. Rd6 Rc1 38. R6d3 Rxd1+ 39. Rxd1 Qc5 40. Rd7+ Ke8 41. Qxc5 Rxc5 42. Rh7 gxf4 43. Rxh6 Kf7 44. Rh7+ Kg6 45. Re7 e5 46. Kh2 Ra5 47. Kg1 Ra1+ 48. Kf2 Ra2+ 49. Kf1 Ra1+ 50. Kf2 Ra2+ 51. Kg1 Ra1+ 52. Kh2 Ra5 53. h4 Ra1 54. Re8 Kf7 55. Rb8 e4 56. Rb4 exf3 57. gxf3 Kg6 58. Rxf4 Rb1 59. Ra4 Kf5 60. Kg2 Rc1 61. Rg4 Rc2+ 62. Kg3 Rc1 63. Rf4+ Kg6 64. Ra4 Rb1 65. Ra8 Kf5 66. Ra5+ Kg6 67. h5+ Kh6 68. Rf5 Rb6 69. Kg4 Ra6 70. f4 Kg7 71. Rb5 Kh6 72. Rb8 Kg7 73. Rb7+ Kh6 74. Rf7 Rb6 75. Kf5 Rb5+ 76. Kxf6 Kxh5 77. f5 Rb6+ 78. Kg7 Kg5 79. f6 Ra6 80. Rf8 Rb6 1/2-1/2

[Event "CZE-chT 1213"]
[Site "Czech Republic"]
[Date "2012.11.04"]
[Round "2.7"]
[White "Cech, Pavel"]
[Black "Walek, Milan"]
[Result "1-0"]
[WhiteElo "2376"]
[BlackElo "2350"]
[PlyCount "65"]
[EventDate "2012.11.03"]
[EventType "team-tourn"]
[EventRounds "11"]
[EventCountry "CZE"]
[SourceTitle "EXT 2013"]
[Source "ChessBase"]
[SourceDate "2012.11.22"]
[SourceVersion "1"]
[SourceVersionDate "2012.11.22"]
[SourceQuality "1"]
[WhiteTeam "Turnov Zikuda"]
[BlackTeam "Trinec"]
[WhiteTeamCountry "CZE"]
[BlackTeamCountry "CZE"]

1. d4 Nf6 2. c4 g6 3. Nc3 d5 4. cxd5 Nxd5 5. e4 Nxc3 6. bxc3 Bg7 7. Nf3 c5 8. Rb1 0-0 9. Be2 Qc7 10. 0-0 Nc6 11. d5 Ne5 12. c4 Nxf3+ 13. Bxf3 Bd4 14. Bg5 e5 15. Bg4 f5 16. exf5 gxf5 17. Bh3 a5 18. Be3 Ra6 19. Bxd4 cxd4 20. Qd3 Qg7 21. Rfd1 Qh6 22. Qd2 Qh5 23. f4 Rg6 24. Kh1 Re8 25. fxe5 Rxe5 26. Re1 Re4 27. Rxe4 fxe4 28. Bxc8 Qe5 29. Be6+ Kh8 30. Kg1 e3 31. Qd3 Rf6 32. Rxb7 Qh5 33. Qxd4 1-0